Resource sharing book 1995 : (Record no. 30099)

MARC details
000 -LEADER
fixed length control field 00837nam a2200205Ia 4500
008 - FIXED-LENGTH DATA ELEMENTS--GENERAL INFORMATION
fixed length control field 081213s9999 xx 000 0 und d
020 ## - INTERNATIONAL STANDARD BOOK NUMBER
Terms of availability 2825410942
050 ## - LIBRARY OF CONGRESS CALL NUMBER
Classification number REF BX6
Item number .W67 1994
082 ## - DEWEY DECIMAL CLASSIFICATION NUMBER
Classification number 280.102 5
Item number WCC
110 ## - MAIN ENTRY--CORPORATE NAME
Corporate name or jurisdiction name as entry element World council of churches
245 ## - TITLE STATEMENT
Title Resource sharing book 1995 :
Remainder of title structure, services, and activities
Statement of responsibility, etc World Council of Churches.
260 ## - PUBLICATION, DISTRIBUTION, ETC. (IMPRINT)
Date of publication, distribution, etc 1994
Place of publication, distribution, etc Geneva :
Name of publisher, distributor, etc WCC Publications, ©1994
300 ## - PHYSICAL DESCRIPTION
Extent 241 p. :
Other physical details ill. ;
Dimensions 21 cm.
500 ## - GENERAL NOTE
General note WCC structure & services -- Projects, programmes, and worldwide askings.
650 ## - SUBJECT ADDED ENTRY--TOPICAL TERM
Topical term or geographic name as entry element Christianity -- Developing countries.
650 ## - SUBJECT ADDED ENTRY--TOPICAL TERM
Topical term or geographic name as entry element World Council of Churches.
650 ## - SUBJECT ADDED ENTRY--TOPICAL TERM
Topical term or geographic name as entry element Church and social problems.
942 ## - ADDED ENTRY ELEMENTS (KOHA)
Item type Reference
Source of classification or shelving scheme Library of Congress Classification
Holdings
Withdrawn status Lost status Source of classification or shelving scheme Damaged status Not for loan Collection code Home library Current library Shelving location Date acquired Full call number Barcode Copy number Price effective from Koha item type Public note
Withdrawn   Library of Congress Classification   Not For Loan Reference Bishop Okullu Memorial Library (Limuru Campus) Bishop Okullu Memorial Library (Limuru Campus) Reference 06/10/2011 REF BX6 .W67 1994 028804 1 06/10/2011 Book outdated